00622nam a2200205 a 4500001001300000003000900013005001700022008004100039020002400080082001700104100001900121245006700140260002900207300001000236500003500246505002800281650003900309650003800348650003000386nice12345678IN_TiNIC20260116014933.0050524s1992 lona grp 000 0 eng  a033480X c9.9500a291.172bBAY aBayfield, Tony aDialogue With a Differenceb the Manor House Group Experience. aLondonbScm Press c1992 a181p. aincludes index and biblioraphy2 aLWF Documentation No.41 aInterfaith Dialogue-Jewish Christi aInterfaith Dialogue-Jewish Muslim aReconciliation-Interfaith